000 00503nam a2200193Ia 4500
003 GCL
008 140319s9999 xx 000 0 eng d
040 _aGCL /
_cGCL
082 0 4 _aCC
_b892.76
_bS B
100 1 _aYUSUF SHARUNI
245 1 0 _aBLOOD FEUD /
_cYUSUF SHARUNI
700 1 _aJOHNSON-DAVRES, DENYS
260 _a[S.N] :
_bTHE AMERICAN UNIVERSITY IN CAIRO PRESS ،
_c1991
300 _a137 P
650 0 4 _aLITERATURE
650 0 4 _aARABIC LITERATURE
650 0 4 _aFICTION
942 _2ddc
_cBK
999 _c12769
_d12769